000 00415nam a2200181Ia 4500
001 11648
005 20260306162843.0
008 260306t2008||||xx |||||||||||||| ||spa||
041 _aESP
082 _a985.622
_bL25
100 _aLarco, Laura
_eAUT
245 0 _aMás allá de los encantos
260 _c2008
300 _a402 páginas :
_ccm.
650 _aGEN
654 _aCHU
942 _cLIB
_dJUS
_fJUS
_2ddc
_n
999 _c11648
_d11648